000 00639nam a22002057a 4500
999 _c7567
_d7567
003 OSt
005 20211206101444.0
008 211206b ||||| |||| 00| 0 eng d
020 _a9789814670159
040 _cDDC
082 _a658.15 HIG2016
100 _aRobert C. Higgins Jennifer L. Koski ; Todd,Mitton.
_915484
245 _aAnalysis for Financial Management
250 _aEleventh edition
260 _aNew York :
_bMcGraw-Hill;
_c2016,
300 _axiv, 450 pages :
_b illustrations ;
_c24 cm.
504 _a Includes bibliographical references and index.
650 _aCorporations -- Finance.
_915485
942 _2ddc
_cBOOK